Franchises in Super Smash Bros. for WiiU/3DS - Statistics

General Stats
  • This quiz has been taken 121 times
    112 since last reset
  • The average score is 22 of 28
Answer Stats
Hint Answer % Correct
7 Fighters Super Mario Bros
100%
5 Fighters The Legend of Zelda
94%
6 Fighters Pokémon
92%
2 Fighters Donkey Kong Country
89%
6 Fighters Fire Emblem
86%
2 Fighters Metroid
85%
3 Fighters Kirby
84%
2 Fighters Earthbound
82%
1 Fighter Sonic the Hedgehog
82%
2 Fighters StarFox
80%
3 Fighters Kid Icarus
78%
1 Fighter Yoshi’s Island
78%
1 Fighter Bayonetta
77%
1 Fighter Super Smash Bros.
77%
1 Fighter Duck Hunt
73%
1 Fighter Megaman
73%
1 Fighter R.O.B.
73%
1 Fighter Street Fighter
73%
1 Fighter Pac-Man
72%
1 Fighter F-Zero
71%
1 Fighter Game and Watch
71%
1 Fighter Pikmin
71%
1 Fighter Final Fantasy
70%
1 Fighter WarioWare
70%
1 Fighter Wii Fit
68%
1 Fighter Animal Crossing
67%
1 Fighter Xenoblade Chronicles
66%
1 Fighter Punch-Out!!
63%
No matching quizzes found
Score Distribution
Percent of People with Each Score
Percentile by Number Answered
Your Score History
You have not taken this quiz since the last reset